BIBLIOTECA PODER JUDICIAL
Portal Judicial TDF

Un caso de fraude a la ganancialidad y un análisis con perspectiva de género / (Registro nro. 5746)

000 -LEADER
fixed length control field 01411nab a22002657a 4500
003 - CONTROL NUMBER IDENTIFIER
control field OSt
005 - DATE AND TIME OF LATEST TRANSACTION
control field 20260101205229.0
008 - FIXED-LENGTH DATA ELEMENTS--GENERAL INFORMATION
fixed length control field 190514b xxu||||| |||| 00| 0 spa d
040 ## - CATALOGING SOURCE
Transcribing agency PJ
100 ## - MAIN ENTRY--PERSONAL NAME
9 (RLIN) 6663
Personal name Bertini, Adriana
245 10 - TITLE STATEMENT
Title Un caso de fraude a la ganancialidad y un análisis con perspectiva de género /
Statement of responsibility, etc Adriana Bertini.
300 ## - PHYSICAL DESCRIPTION
Extent p. 142-151
500 ## - GENERAL NOTE
General note Cita: TR LALEY AR/DOC/451/2025.
505 ## - FORMATTED CONTENTS NOTE
Formatted contents note Sumario: I. Los hechos.— II. Las cuestiones debatidas.— III. El proceso de liquidación de la comunidad.— IV. El abordaje del conflicto con perspectiva de género.— V. La flexibilidad de las formas en los procesos de familia y la perspectiva de género.— VI. El fraude y la solución al caso a través del sistema de las recompensas.— VII. Reflexión final.
505 ## - FORMATTED CONTENTS NOTE
Formatted contents note Fallo comentado: CCiv., Com. y Minería, General Roca ~ 24/07/2024 ~ C. C. L. c. B. A. M. s/ liquidación de sociedad conyugal.
650 #0 - SUBJECT ADDED ENTRY--TOPICAL TERM
9 (RLIN) 967
Topical term or geographic name as entry element DERECHO DE FAMILIA
650 #0 - SUBJECT ADDED ENTRY--TOPICAL TERM
9 (RLIN) 1042
Topical term or geographic name as entry element FRAUDE
650 #0 - SUBJECT ADDED ENTRY--TOPICAL TERM
9 (RLIN) 4044
Topical term or geographic name as entry element PERSPECTIVA DE GÉNERO
650 #0 - SUBJECT ADDED ENTRY--TOPICAL TERM
9 (RLIN) 979
Topical term or geographic name as entry element BIENES GANANCIALES
650 #0 - SUBJECT ADDED ENTRY--TOPICAL TERM
9 (RLIN) 977
Topical term or geographic name as entry element DIVORCIO
650 #0 - SUBJECT ADDED ENTRY--TOPICAL TERM
9 (RLIN) 1022
Topical term or geographic name as entry element LIQUIDACION DE LA SOCIEDAD CONYUGAL
650 #0 - SUBJECT ADDED ENTRY--TOPICAL TERM
9 (RLIN) 1057
Topical term or geographic name as entry element JURISPRUDENCIA APLICABLE
773 0# - HOST ITEM ENTRY
Host Biblionumber 2844
Host Itemnumber 3222
Place, publisher, and date of publication Buenos Aires : AbeledoPerrot, 1989-
Title Derecho de familia. Revista Interdisciplinaria de doctrina y jurisprudencia. Abril 2025-II.
International Standard Book Number 18511201
942 ## - ADDED ENTRY ELEMENTS (KOHA)
Source of classification or shelving scheme
Koha item type Analítica Artículo de Revista

No hay ítems disponibles.

12 de Octubre 789 Ushuaia - Tel:  54(02901)441571
Horario de Atención: 8.00 a 17.00 hs. 
bibliotecaush@justierradelfuego.gov.ar
koha@justierradelfuego.gov.ar
Seguinos en nuestras redes @bibliojustdf 

Con tecnología Koha